Piawaian perancangan tanah lapang dan rekreasi

Bibliographic Details
Format: Book
Language:Malay
Published: Kuala Lumpur : Jabatan Perancangan Bandar dan Desa Semenanjung Malaysia c1997
Series:Piawaian Perancangan JPBD 21/97
Subjects:

MARC

LEADER 00000cam a2200000 7i4500
001 0000008564
005 20241003.0
008 010615 my may
020 |a 9839396277 
040 |a INS   |b eng   |e rda 
090 0 0 |a G155   |b .P57 1999 
245 0 0 |a Piawaian perancangan tanah lapang dan rekreasi   |c Jabatan Perancangan Bandar dan Desa Semenanjung Malaysia 
264 1 |a Kuala Lumpur :   |b Jabatan Perancangan Bandar dan Desa Semenanjung Malaysia   |c c1997 
300 |a 27 pages ;   |c 30 cm. 
336 |a text  |2 rdacontent 
337 |a unmediated  |2 rdamedia 
338 |a volume  |2 rdacarrier 
440 0 |a Piawaian Perancangan JPBD 21/97 
650 0 |a Open spaces   |x Planning 
650 0 |a Open spaces   |z Malaysia   |x Planning 
650 0 |a Recreation areas   |x Planning 
999 |a 0000007882   |b BOOK   |c Open Shelf   |e Default branch 
999 |a 1000000594   |b BOOK   |c Open Shelf   |e Default branch